000 00748cab a2200241 4500
001 ABS58929
008 090401t1998 xxu||||| |||| 00| 0 eng d
035 _a(Sirsi) u87272
041 _aeng
245 _aCustoms consults on aggregates tax
260 _c1998
350 _a0
490 _aEnvironment Information Bulletin
_v(81) July 1998, 2(1)
520 _aDiscusses the consultation paper, published by HM Customs & Excise, on the design of a possible aggregates tax on crushed rock, sand and gravel.
650 _aAGGREGATES TAX
650 _aAGGREGATES
650 _aCONSULTATION PAPER
650 _aENVIRONMENTAL COSTS
650 _aRECYCLED AGGREGATES
690 _aMINING AND MINERALS
942 _n0
948 _c08/07/1998
999 _c55036
_d55036